000 01598namaa2200385 i 4500
003 EG-GICUC
005 20260523140410.0
008 260523s2005 ua |||jr|||| 000 0 ara d
017 _a2005 / 22169
_bدار الكتب والوثائق القومية (مصر)
040 _aEG-GiCUC
_bara
_cEG-GiCUC
_dEG-GiCUC
_erda
041 1 _aara
_heng
082 0 4 _221
_a909.08
_bH6841
092 0 4 _221
_a909.08
_bH6841
099 _a909.08 H6841
100 1 _aهوبسبوم، اريك
_q(Eric J.),
_d1917-2012
_eمؤلف.
240 1 _aOn the edge of the new century
_lArabic
245 1 2 _aالقرن الجديد :
_b(محاورات مع أنطونيو بولينو)/
_cتأليف إريك هوبسبوم ؛ ترجمة وجيه سمعان عبد المسيح.
250 _aالطبعة الاولى
264 _aالقاهرة (مصر) :
_bالمجلس الأعلى للثقافة،
_c2005.
300 _a161 صفحة
_b؛
_c24 سم
336 _2rdacontent
_atext
337 _2rdamedia
_aUnmediated
338 _2rdacarrier
_avolume
490 _aالمشروع القومى للترجمة ؛
_v942
500 _aالترجمة العربية لـ : On the edge of the new century
504 _aيشتمل على هوامش.
541 _aوزارة الثقافة ؛
_bالقاهرة ؛
_cإهداء ؛
_d2023.
650 1 7 _aالحضارة الحديثة
_2qrmak
650 1 7 _aالعصر الحديث
_2qrmak
650 1 7 _aعصر النهضة
_2qrmak
651 1 _2qrmak
700 1 _aعبد المسيح، وجيه سمعان
_eمترجم.
905 _aAya
942 _2ddc
_cBK
_e21
_n0
999 _c180281
_d180281